CPA client tax letter

Detalles Bibliográficos
Autor Corporativo: American Institute of Certified Public Accountants
Formato: Electrónico Revista
Lenguaje:inglés
Publicado: Jersey City, NJ : American Institute of Certified Public Accountants
Materias:
Acceso en línea:Full text available from Research Library: 07/01/1992 to 2 months ago

MARC

LEADER 00000nas a22000007a 4500
001 ssj0017241
003 WaSeSS
005 20200512172242.0
006 m d
007 cr n
008 921029c19uu9999njuqr p s 0 a0eng c
010 |a sn 92005965  
022 |l 1066-1867  |y 1066-1867 
035 |a (WaSeSS)ssj0017241 
037 |b American Institute of Certified Public Accountants, Harborside Financial Center, 201 Plaza 3, Jersey City, NJ 07311-3881 
040 |a NSD  |b eng  |c NSD  |d OCL  |d NSD  |d OCLCQ  |d OCLCO  |d WaSeSS 
042 |a nsdp  |a pcc 
082 1 0 |a 336  |2 12 
210 0 |a CPA client tax lett. 
222 0 |a CPA client tax letter 
245 0 0 |a CPA client tax letter  |h [electronic resource]. 
246 3 |a Certified public accountant client tax letter 
246 1 7 |a Tax letter 
260 |a Jersey City, NJ :  |b American Institute of Certified Public Accountants 
310 |a Quarterly 
506 |a License restrictions may limit access. 
588 |a Description based on: Oct./Nov./Dec. 1992; title from caption. 
655 0 |a Electronic journals. 
710 2 |a American Institute of Certified Public Accountants. 
856 4 0 |z Full text available from Research Library: 07/01/1992 to 2 months ago  |u https://search.proquest.com/publication/3568